Instituciones educativas : dinámicas institucionales en situaciones críticas /

Guardado en:
Autor Principal: Fernández, Lidia M.
Formato: Libro
Publicado: Buenos Aires : Paidós, 1996
Series:Grupos e Instituciones
Materias:
Etiquetas: Agregar Etiqueta
Sin Etiquetas, Sea el primero en etiquetar este registro!
LEADER 01225nam a22003015a 4500
001 CEM.cems009476
005 20080530124053.0
008 130507s1996##################000#0#####d
003 CEMS
020 |a 9501232492 
082 0 4 |a 371.2 
100 1 |a Fernández, Lidia M. 
245 1 0 |a Instituciones educativas :  |b dinámicas institucionales en situaciones críticas /  |c Lidia M. Fernández 
260 |a Buenos Aires :  |b Paidós,  |c 1996 
300 |a 306 p. 
490 0 |a Grupos e Instituciones 
505 0 |a Análisis de las instituciones educativas -- Dinámicas institucionales en situaciones críticas -- Prácticas institucionales en el espacio educativo 
653 |a Administración escolar 
653 |a Educación 
653 |a Instituciones educativas 
653 |a Organización escolar 
653 |a Proyecto institucional 
859 |a CEMS  |b BIB. CEMS - 11 de abril  |h 371.2  |i F391  |p 19252.97  |t Ej.1 
859 |a CEMS  |b BIB. CEMS - 11 de abril  |h 371.2  |i F391  |p 20194.99  |t Ej.2 
859 |a CEMS  |b BIB. CEMS - 11 de abril  |h 371.2  |i F391  |p 25170.08  |t Ej.3 
859 |a CEMS  |b BIB. CEMS - 11 de abril  |h 371.2  |i F391  |p 25171.08  |t Ej.4 
859 |a CEMS  |b BIB. CEMS - 11 de abril  |h 371.2  |i F391  |p 25173.08  |t Ej.5 
859 |a CEMS  |b BIB. CEMS